000 00438nam a22001697a 4500
999 _c2251
_d2250
005 20210809120203.0
008 160531b xxu||||| |||| 00| 0 eng d
020 _a978-07506-5712-9
041 _aeng
082 _b6401
_a658
100 _aDrucker Peter F
_91595
245 _aManagement Challenges for the 21st Century
260 _bButter worth Heinemen Reblication
_c2006
300 _a195
650 _aManagement
_9241
942 _cBK